Vodníkova kmotra slovenská ľudová rozprávky

Bibliographic Details
Main Author: Sliacky, Ondrej, 1941- (Author)
Format: Article
Language:Slovak
ISSN:0139-911X
Subjects:

MARC

LEADER 00000nab a2200000 a 4500
001 vtls011533246
003 SK-MaSNL
005 20260303094322.0
008 160308 2016xo m 000 0 slo
015 |a SNKBRB 2016/03 
038 |a KEKMK 
040 |a KEKMK  |b slo  |c KEKMK  |e AACR2 
041 |a slo 
044 |a xo  |c SK 
100 1 |a Sliacky, Ondrej,  |d 1941-  |4 aut  |9 203389 
245 1 0 |a Vodníkova kmotra  |b slovenská ľudová rozprávky  |c Upravil Ondrej Sliacky 
650 0 7 |a literatúra pre deti a mládež  |2 kekmk  |9 21893 
773 |t Slniečko  |g Roč.70, č. 7 (marec 2016),s. 6-7  |x 0139-911X 
958 |a DB 
999 |c 1820021  |d 1821951